Geography from Periodic Elements - Statistics

General Stats
  • This quiz has been taken 659 times
  • The average score is 22 of 27
Answer Stats
Hint Answer % Correct
Carbon, Hydrogen, Iodine, Sodium China
90%
Iodine, Radium, Nitrogen Iran
90%
Argon, Germanium, Nitrogen, Titanium, Sodium Argentina
89%
Lanthanum, Osmium Laos
89%
Neon, Phosphorus, Aluminium Nepal
89%
Phosphorus, Argon, Iodine, Sulfur Paris
88%
Lithium, Sulfur, Boron, Oxygen, Nitrogen Lisbon
86%
Phosphorus, Erbium, Uranium Peru
86%
Boron, Hydrogen, Uranium, Tantalum, Nitrogen Bhutan
85%
Iodine, Rhenium, Lanthanum, Neodymium Ireland
84%
Fluorine, Indium, Lanthanum, Neodymium Finland
83%
Phosphorus, Aluminium, Gold Palau
83%
Sulfur, Protactinium, Iodine, Nitrogen Spain
82%
Protactinium, Potassium, Iodine, Sulfur, Tantalum, Nitrogen Pakistan
81%
Silicon, Nitrogen, Gallium, Polonium, Rhenium Singapore
81%
Titanium, Radium, Sodium Tirana
81%
Vanadium, Astatine, Iodine, Calcium, Nitrogen Vatican
81%
Uranium, Tantalum, Hydrogen Utah
80%
Molybdenum, Sodium, Cobalt Monaco
79%
Oxygen, Hydrogen, Iodine, Oxygen Ohio
79%
Barium, Potassium, Uranium Baku
78%
Molybdenum, Nitrogen, Tantalum, Sodium Montana
76%
Actinium, Carbon, Radium Accra
75%
Gold, Sulfur, Titanium, Nitrogen Austin
74%
Astatine, Lanthanum, Nitrogen, Tantalum Atlanta
70%
Astatine, Lanthanum, Nitrogen, Tantalum Atlanta
70%
Rhenium, Carbon, Iodine, Iron Recife
66%
No matching quizzes found
Score Distribution
Percent of People with Each Score
Percentile by Number Answered
Your Score History
You have not taken this quiz